[Event "Uljanovsk Smyslov Memorial"]
[Site "Uljanovsk"]
[Date "2010.04.11"]
[Round "3"]
[White "Petrosian, Karlen"]
[Black "Portnoy, Yuriy"]
[Result "1-0"]
[WhiteElo "2347"]
[BlackElo "1935"]
[PlyCount "47"]
[EventDate "2010.04.03"]
[EventType "swiss"]
[EventRounds "9"]
[EventCountry "RUS"]
[SourceTitle "CBM 136 Extra"]
[Source "ChessBase"]
[SourceDate "2010.07.02"]
[SourceVersion "2"]
[SourceVersionDate "2010.07.15"]
[SourceQuality "1"]

1. c4 Nf6 2. Nc3 e6 3. e4 d6 4. d4 Be7 5. Nf3 0-0 6. Be2 c5 7. 0-0 cxd4 8. Nxd4 Bd7 9. Be3 a6 10. f3 Nc6 11. Qd2 Rc8 12. Rac1 Nxd4 13. Bxd4 Qa5 14. Rfd1 Rfd8 15. Nd5 Qxd2 16. Nxe7+ Kf8 17. Rxd2 Kxe7 18. Bb6 Rg8 19. Rcd1 Rc6 20. Ba5 Rgc8 21. Bb4 Ne8 22. e5 f6 23. exd6+ Kf7 24. c5 1-0

[Event "Uljanovsk"]
[Site "Uljanovsk"]
[Date "2009.01.10"]
[Round "13"]
[White "Portnoy, Yuriy"]
[Black "Kolosov, Anatoly G1111"]
[Result "0-1"]
[WhiteElo "1976"]
[BlackElo "1927"]
[PlyCount "34"]
[EventDate "2009.01.02"]
[EventType "tourn"]
[EventRounds "15"]
[EventCountry "RUS"]
[SourceTitle "EXT 2012"]
[Source "ChessBase"]
[SourceDate "2011.11.24"]
[SourceVersion "1"]
[SourceVersionDate "2011.11.24"]
[SourceQuality "1"]

1. e4 Nf6 2. e5 Nd5 3. c4 Nb6 4. d4 d6 5. exd6 exd6 6. Nc3 Be7 7. Be2 Nc6 8. Nd5 Nxd5 9. cxd5 Nb8 10. Qa4+ Nd7 11. Bb5 0-0 12. Bxd7 Bxd7 13. Qb3 Bf6 14. Be3 Qe7 15. 0-0-0 c5 16. Kb1 cxd4 17. Bxd4 Qe4+ 0-1

[Event "Uljanovsk"]
[Site "Uljanovsk"]
[Date "2009.01.08"]
[Round "11"]
[White "Portnoy, Yuriy"]
[Black "Nikiforov, Alexander"]
[Result "1-0"]
[WhiteElo "1976"]
[BlackElo "1827"]
[PlyCount "87"]
[EventDate "2009.01.02"]
[EventType "tourn"]
[EventRounds "15"]
[EventCountry "RUS"]
[SourceTitle "EXT 2012"]
[Source "ChessBase"]
[SourceDate "2011.11.24"]
[SourceVersion "1"]
[SourceVersionDate "2011.11.24"]
[SourceQuality "1"]

1. e4 e5 2. f4 exf4 3. Nf3 g5 4. Bc4 d6 5. h4 Be7 6. hxg5 Bxg5 7. d3 Bg4 8. Nc3 Nd7 9. Qe2 c6 10. Bd2 Bh4+ 11. Kd1 Bg3 12. Kc1 Ne5 13. d4 Nxc4 14. Qxc4 Qc7 15. d5 Bxf3 16. gxf3 Ne7 17. dxc6 Qxc6 18. Qxc6+ bxc6 19. Ne2 Ng6 20. Nxg3 fxg3 21. Rg1 h5 22. Rxg3 h4 23. Rh3 Kd7 24. c4 Ne5 25. Bc3 Rag8 26. Kc2 Rh5 27. Bxe5 dxe5 28. Rah1 Rg2+ 29. Kc3 Rf2 30. Rd1+ Ke7 31. a3 f5 32. b4 fxe4 33. fxe4 Rf4 34. Kd3 Rg5 35. Re1 Rg2 36. c5 Ra2 37. Kc4 Rg2 38. a4 Rgg4 39. Rhe3 Rg3 40. b5 Kd7 41. a5 cxb5+ 42. Kxb5 Kc7 43. c6 Rg6 44. Rc1 1-0

[Event "Uljanovsk"]
[Site "Uljanovsk"]
[Date "2009.01.06"]
[Round "7"]
[White "Portnoy, Yuriy"]
[Black "Eremin, Boris"]
[Result "1-0"]
[WhiteElo "1976"]
[BlackElo "1763"]
[PlyCount "77"]
[EventDate "2009.01.02"]
[EventType "tourn"]
[EventRounds "15"]
[EventCountry "RUS"]
[SourceTitle "EXT 2012"]
[Source "ChessBase"]
[SourceDate "2011.11.24"]
[SourceVersion "1"]
[SourceVersionDate "2011.11.24"]
[SourceQuality "1"]

1. e4 e6 2. d4 d5 3. Nd2 c5 4. exd5 cxd4 5. Bb5+ Bd7 6. Qe2 Bxb5 7. Qxb5+ Qd7 8. Qxd7+ Nxd7 9. dxe6 fxe6 10. f4 Rc8 11. Kd1 Ne7 12. Nb3 Nc6 13. Nf3 Bc5 14. Re1 0-0 15. Rxe6 Rfe8 16. Rxe8+ Rxe8 17. Bd2 Bb6 18. a4 a6 19. a5 Ba7 20. Be1 Nf6 21. Ra4 Rd8 22. Bh4 Rd5 23. Bxf6 gxf6 24. Kd2 Kf7 25. Kd3 Ke7 26. Rc4 Kd6 27. Ra4 Bc5 28. Nxc5 Kxc5 29. Rc4+ Kb5 30. Nxd4+ Kxa5 31. Ke4 Rxd4+ 32. Rxd4 Nxd4 33. Kxd4 Kb4 34. g4 Kb5 35. h4 Kc6 36. b4 b6 37. h5 Kb5 38. g5 fxg5 39. fxg5 1-0

[Event "Uljanovsk"]
[Site "Uljanovsk"]
[Date "2009.01.05"]
[Round "6"]
[White "Lobanov, Sergey"]
[Black "Portnoy, Yuriy"]
[Result "0-1"]
[WhiteElo "1821"]
[BlackElo "1976"]
[PlyCount "111"]
[EventDate "2009.01.02"]
[EventType "tourn"]
[EventRounds "15"]
[EventCountry "RUS"]
[SourceTitle "EXT 2012"]
[Source "ChessBase"]
[SourceDate "2011.11.24"]
[SourceVersion "1"]
[SourceVersionDate "2011.11.24"]
[SourceQuality "1"]

1. f4 d5 2. Nf3 g6 3. e3 Bg7 4. Be2 Nf6 5. 0-0 c5 6. d4 0-0 7. Nc3 cxd4 8. exd4 Nc6 9. a3 Ne4 10. Be3 Nxc3 11. bxc3 Bg4 12. h3 Bxf3 13. Rxf3 e6 14. Qb1 Qc7 15. a4 Na5 16. Qb4 Rfc8 17. Bc1 Rab8 18. Rb1 Bf8 19. Qb5 Nc4 20. Bxc4 Qxc4 21. Rd3 Bd6 22. g3 Rc6 23. Kf2 Qxb5 24. axb5 Rb6 25. Rb3 Rc8 26. Bb2 Rc4 27. Rd1 Ra4 28. Ra1 Rxa1 29. Bxa1 Kf8 30. Bb2 Ke7 31. Bc1 Kd7 32. Ke2 f6 33. Kd3 Kc7 34. c4 dxc4+ 35. Kxc4 a6 36. Bd2 axb5+ 37. Rxb5 Ra6 38. Rb3 Kc6 39. h4 h5 40. Re3 b5+ 41. Kd3 Ra3+ 42. c3 Kd5 43. Re1 b4 44. Rb1 bxc3 45. Bxc3 e5 46. dxe5 fxe5 47. fxe5 Bxe5 48. Rb5+ Kd6 49. Rb6+ Kc5 50. Rxg6 Kd5 51. Rg5 Rxc3+ 52. Ke2 Ke4 53. Rxh5 Rxg3 54. Rh7 Rg2+ 55. Kf1 Rh2 56. h5 0-1

[Event "Uljanovsk"]
[Site "Uljanovsk"]
[Date "2009.01.04"]
[Round "4"]
[White "Abdurahmanov, Afer"]
[Black "Portnoy, Yuriy"]
[Result "0-1"]
[WhiteElo "1798"]
[BlackElo "1976"]
[PlyCount "73"]
[EventDate "2009.01.02"]
[EventType "tourn"]
[EventRounds "15"]
[EventCountry "RUS"]
[SourceTitle "EXT 2012"]
[Source "ChessBase"]
[SourceDate "2011.11.24"]
[SourceVersion "1"]
[SourceVersionDate "2011.11.24"]
[SourceQuality "1"]

1. b3 e5 2. Bb2 d6 3. c4 Nc6 4. Nc3 g6 5. a3 Bg7 6. e3 Nf6 7. Qc2 0-0 8. Bd3 d5 9. cxd5 Nxd5 10. h4 Be6 11. h5 Nxc3 12. Bxc3 Qd5 13. f3 Rfd8 14. Bc4 Qd6 15. hxg6 hxg6 16. Bxe6 Qxe6 17. Nh3 Qe7 18. Ke2 Rd7 19. g4 Rad8 20. g5 Qd6 21. Ra2 Qe6 22. Nf2 Ne7 23. Ne4 b6 24. f4 Nd5 25. Bxe5 Bxe5 26. fxe5 Qxe5 27. d4 Qe6 28. b4 Re7 29. Rh4 f5 30. gxf6 Nxf6 31. Nxf6+ Qxf6 32. Re4 Rde8 33. Rxe7 Rxe7 34. Qc1 Qxd4 35. Rc2 Qg4+ 36. Kd2 Qf3 37. Qd1 0-1

[Event "Uljanovsk Zavolje"]
[Site "Uljanovsk"]
[Date "2009.??.??"]
[Round "11"]
[White "Olisov, Andrey"]
[Black "Portnoy, Yuriy"]
[Result "1/2-1/2"]
[WhiteElo "2135"]
[BlackElo "1975"]
[PlyCount "31"]
[EventDate "2009.??.??"]
[EventType "tourn"]
[EventRounds "15"]
[EventCountry "RUS"]
[SourceTitle "EXT 2011"]
[Source "ChessBase"]
[SourceDate "2010.11.26"]
[SourceVersion "1"]
[SourceVersionDate "2010.11.26"]
[SourceQuality "1"]

1. e4 c6 2. d3 d5 3. Nd2 e5 4. Ngf3 Bd6 5. g3 Nf6 6. Bg2 0-0 7. 0-0 Re8 8. Re1 Nbd7 9. c3 Qc7 10. Qc2 a5 11. Nf1 dxe4 12. dxe4 b6 13. Ne3 Nc5 14. Nd2 a4 15. f3 Be6 16. Rd1 1/2-1/2

[Event "Uljanovsk Zavolje"]
[Site "Uljanovsk"]
[Date "2009.??.??"]
[Round "10"]
[White "Portnoy, Yuriy"]
[Black "Nikonova, Irina"]
[Result "0-1"]
[WhiteElo "1975"]
[BlackElo "1980"]
[PlyCount "42"]
[EventDate "2009.??.??"]
[EventType "tourn"]
[EventRounds "15"]
[EventCountry "RUS"]
[SourceTitle "EXT 2011"]
[Source "ChessBase"]
[SourceDate "2010.11.26"]
[SourceVersion "1"]
[SourceVersionDate "2010.11.26"]
[SourceQuality "1"]

1. e4 c5 2. Nf3 Nc6 3. d4 cxd4 4. Nxd4 Nf6 5. Nc3 d6 6. Be2 g6 7. 0-0 Bg7 8. Be3 h5 9. f3 a6 10. a4 0-0 11. Qd2 Kh7 12. Nxc6 bxc6 13. a5 Nd7 14. Na4 c5 15. Rad1 Qc7 16. f4 Rb8 17. b3 Rb4 18. f5 Rxe4 19. Bd3 Rxe3 20. fxg6+ fxg6 21. Rxf8 Nxf8 0-1

[Event "Uljanovsk Zavolje"]
[Site "Uljanovsk"]
[Date "2009.??.??"]
[Round "14"]
[White "Portnoy, Yuriy"]
[Black "Petrosian, Karlen"]
[Result "0-1"]
[WhiteElo "1975"]
[BlackElo "2335"]
[PlyCount "73"]
[EventDate "2009.??.??"]
[EventType "tourn"]
[EventRounds "15"]
[EventCountry "RUS"]
[SourceTitle "EXT 2011"]
[Source "ChessBase"]
[SourceDate "2010.11.26"]
[SourceVersion "1"]
[SourceVersionDate "2010.11.26"]
[SourceQuality "1"]

1. d4 Nf6 2. c4 c5 3. Nf3 cxd4 4. Nxd4 Nc6 5. Nc3 e6 6. Nxc6 bxc6 7. e4 Bb4 8. e5 Ne4 9. Bd2 Nxd2 10. Qxd2 Qa5 11. f4 Rb8 12. Bd3 Ba6 13. 0-0 Bxc4 14. Rad1 Bxc3 15. bxc3 Qc5+ 16. Kh1 Bxd3 17. Qxd3 0-0 18. Rb1 Qd5 19. Qc2 g6 20. h3 Qc4 21. g3 d5 22. exd6 Qd5+ 23. Kh2 Qxd6 24. Rfd1 Qc5 25. Rxb8 Rxb8 26. Rd2 a5 27. Kg2 h5 28. h4 Qa3 29. Kh3 Rb5 30. c4 Rb8 31. Qd3 Qc5 32. Qd6 Qb6 33. Qe7 Qg1 34. Qc7 Qh1+ 35. Rh2 Qf1+ 36. Rg2 Rb2 37. Qd8+ 0-1

[Event "Uljanovsk-ch op fin"]
[Site "Uljanovsk"]
[Date "2008.03.16"]
[Round "8"]
[White "Goncharov, Evgeniy"]
[Black "Portnoy, Yuriy"]
[Result "0-1"]
[WhiteElo "1834"]
[BlackElo "1937"]
[PlyCount "96"]
[EventDate "2008.03.09"]
[EventType "swiss"]
[EventRounds "9"]
[EventCountry "RUS"]
[SourceTitle "EXT 2022"]
[Source "ChessBase"]
[SourceDate "2021.10.06"]
[SourceVersion "1"]
[SourceVersionDate "2021.10.06"]
[SourceQuality "1"]

1. d4 Nf6 2. c4 c5 3. d5 b5 4. cxb5 a6 5. b6 Qxb6 6. Nc3 g6 7. e4 d6 8. a4 Bg7 9. Nf3 Nbd7 10. Bc4 0-0 11. 0-0 Ng4 12. a5 Qb4 13. Ra4 Qb7 14. Ra3 Nge5 15. Rb3 Qc7 16. Qe2 Nxf3+ 17. Qxf3 Ne5 18. Qe2 Nxc4 19. Qxc4 Qxa5 20. Bd2 Qc7 21. Na4 Bd7 22. Ra3 Bb5 23. Qc1 Bxf1 24. Kxf1 Rfb8 25. Bc3 Qd7 26. Bxg7 Qb5+ 27. Ke1 Kxg7 28. Qc3+ f6 29. f4 Qb4 30. Kd2 Qxe4 31. Qf3 Qxf3 32. gxf3 Rb4 33. Ke3 Rab8 34. Kf2 Rxf4 35. Nc3 Rxb2+ 36. Kg3 Rc4 37. Ne4 Rb6 38. h4 Rcb4 39. Nd2 Rd4 40. Nf1 Rxd5 41. Ne3 Rd4 42. h5 d5 43. hxg6 hxg6 44. Ra2 c4 45. Rh2 a5 46. Re2 e5 47. Nc2 Rd3 48. Kg4 Rb2 0-1

[Event "Uljanovsk-ch op fin"]
[Site "Uljanovsk"]
[Date "2008.03.15"]
[Round "5"]
[White "Portnoy, Yuriy"]
[Black "Borisov, Aleksandr"]
[Result "0-1"]
[WhiteElo "1937"]
[BlackElo "2168"]
[PlyCount "92"]
[EventDate "2008.03.09"]
[EventType "swiss"]
[EventRounds "9"]
[EventCountry "RUS"]
[SourceTitle "EXT 2022"]
[Source "ChessBase"]
[SourceDate "2021.10.06"]
[SourceVersion "1"]
[SourceVersionDate "2021.10.06"]
[SourceQuality "1"]

1. d4 Nf6 2. c4 g6 3. Nc3 d5 4. cxd5 Nxd5 5. g3 Bg7 6. Bg2 c6 7. Nf3 0-0 8. 0-0 Nd7 9. e4 Nxc3 10. bxc3 Nb6 11. Bf4 Be6 12. Nd2 a5 13. Qc2 Qc8 14. Rfb1 Nc4 15. Nxc4 Bxc4 16. Qd2 Rd8 17. Bh6 Bh8 18. Qb2 Rd7 19. Bh3 e6 20. e5 Bg7 21. Be3 Bf8 22. g4 b5 23. f4 Qd8 24. Qf2 Be7 25. f5 Bg5 26. f6 Bxe3 27. Qxe3 a4 28. a3 Qf8 29. Bg2 Rc8 30. h4 Bb3 31. Bf1 Rb7 32. h5 c5 33. hxg6 fxg6 34. g5 cxd4 35. cxd4 b4 36. Rxb3 axb3 37. Qxb3 Rb6 38. axb4 Qd8 39. Rd1 Qc7 40. Bh3 Re8 41. Rf1 Kf7 42. Re1 Rb5 43. Bg2 Qb6 44. Qh3 Qxd4+ 45. Kh1 h5 46. Bc6 Reb8 0-1

[Event "Uljanovsk Zavolje Rating"]
[Site "Uljanovsk"]
[Date "2007.12.29"]
[Round "12"]
[White "Portnoy, Yuriy"]
[Black "Sanatullin, Rinat"]
[Result "1/2-1/2"]
[WhiteElo "1937"]
[BlackElo "2203"]
[PlyCount "26"]
[EventDate "2007.12.21"]
[EventType "tourn"]
[EventRounds "13"]
[EventCountry "RUS"]
[SourceTitle "EXT 2022"]
[Source "ChessBase"]
[SourceDate "2021.10.06"]
[SourceVersion "1"]
[SourceVersionDate "2021.10.06"]
[SourceQuality "1"]

1. d4 Nf6 2. c4 e6 3. Nf3 b6 4. g3 Ba6 5. Nbd2 Bb4 6. Qb3 c5 7. Bg2 Bb7 8. 0-0 Bxd2 9. Bxd2 cxd4 10. Nxd4 Bxg2 11. Kxg2 0-0 12. Qf3 Na6 13. Bg5 h6 1/2-1/2

[Event "Uljanovsk Zavolje Rating"]
[Site "Uljanovsk"]
[Date "2007.12.22"]
[Round "2"]
[White "Olisov, Andrey"]
[Black "Portnoy, Yuriy"]
[Result "0-1"]
[WhiteElo "1919"]
[BlackElo "1937"]
[PlyCount "67"]
[EventDate "2007.12.21"]
[EventType "tourn"]
[EventRounds "13"]
[EventCountry "RUS"]
[SourceTitle "EXT 2022"]
[Source "ChessBase"]
[SourceDate "2021.10.06"]
[SourceVersion "1"]
[SourceVersionDate "2021.10.06"]
[SourceQuality "1"]

1. e4 c6 2. d4 d5 3. f3 dxe4 4. fxe4 e5 5. Nf3 Be6 6. c3 Nd7 7. Bd3 Be7 8. 0-0 Ngf6 9. h3 0-0 10. Be3 Bd6 11. Ng5 Qe7 12. Nd2 Rae8 13. Nxe6 Qxe6 14. Bc4 Qe7 15. d5 Bc5 16. Bf2 Bxf2+ 17. Rxf2 Qc5 18. b4 Qe3 19. Qf3 Qxf3 20. gxf3 Nh5 21. Bf1 Nf4 22. c4 Nf6 23. d6 Nd7 24. c5 b6 25. Nb3 a5 26. bxa5 Nxc5 27. Rc2 Nxb3 28. axb3 bxa5 29. Rxc6 Ne6 30. d7 Rb8 31. Bc4 Nd4 32. Rd6 Rfd8 33. Rxa5 Kf8 34. Kg2 0-1

[Event "Uljanovsk Bagirov Memorial"]
[Site "Uljanovsk"]
[Date "2007.08.23"]
[Round "8"]
[White "Portnoy, Yuriy"]
[Black "Lavrov, Vasily"]
[Result "1/2-1/2"]
[WhiteElo "1952"]
[BlackElo "2010"]
[PlyCount "60"]
[EventDate "2007.08.12"]
[EventType "swiss"]
[EventRounds "9"]
[EventCountry "RUS"]
[SourceTitle "EXT 2009"]
[Source "ChessBase"]
[SourceDate "2008.11.26"]
[SourceVersion "1"]
[SourceVersionDate "2008.11.26"]
[SourceQuality "1"]

1. e4 e6 2. Qe2 Nc6 3. c3 d6 4. g3 e5 5. Bg2 Nge7 6. d3 Ng6 7. Be3 Be7 8. Nf3 0-0 9. Na3 a6 10. Nc2 Rb8 11. d4 Bf6 12. 0-0-0 Bg4 13. h3 Bxf3 14. Qxf3 b5 15. b3 a5 16. Qh5 b4 17. f4 bxc3 18. dxe5 Be7 19. exd6 cxd6 20. e5 a4 21. Bxc6 axb3 22. axb3 Rxb3 23. Rd4 Qb6 24. Rb4 Qxc6 25. Rxb3 Qxh1+ 26. Qd1 Qxd1+ 27. Kxd1 dxe5 28. f5 Rd8+ 29. Ke2 Nf8 30. Rxc3 g6 1/2-1/2

[Event "Uljanovsk Bagirov Memorial"]
[Site "Uljanovsk"]
[Date "2007.08.19"]
[Round "5"]
[White "Portnoy, Yuriy"]
[Black "Alekseev, Evgeni"]
[Result "1/2-1/2"]
[WhiteElo "1952"]
[BlackElo "2122"]
[PlyCount "29"]
[EventDate "2007.08.12"]
[EventType "swiss"]
[EventRounds "9"]
[EventCountry "RUS"]
[SourceTitle "EXT 2009"]
[Source "ChessBase"]
[SourceDate "2008.11.26"]
[SourceVersion "1"]
[SourceVersionDate "2008.11.26"]
[SourceQuality "1"]

1. d4 Nf6 2. Nf3 g6 3. g3 Bg7 4. Bg2 0-0 5. 0-0 d6 6. c4 c5 7. Nc3 Nc6 8. dxc5 dxc5 9. Be3 Nd7 10. Rc1 b6 11. Qd2 Bb7 12. Bh6 Nf6 13. Qxd8 Raxd8 14. Bxg7 Kxg7 15. e3 1/2-1/2

[Event "Uljanovsk Bagirov Memorial"]
[Site "Uljanovsk"]
[Date "2007.08.12"]
[Round "1"]
[White "Portnoy, Yuriy"]
[Black "Mukhin, Alexander"]
[Result "0-1"]
[WhiteElo "1952"]
[BlackElo "2168"]
[PlyCount "63"]
[EventDate "2007.08.12"]
[EventType "swiss"]
[EventRounds "9"]
[EventCountry "RUS"]
[SourceTitle "EXT 2009"]
[Source "ChessBase"]
[SourceDate "2008.11.26"]
[SourceVersion "1"]
[SourceVersionDate "2008.11.26"]
[SourceQuality "1"]

1. b4 Nf6 2. Bb2 d5 3. e3 c6 4. Nf3 Bg4 5. Be2 Nbd7 6. 0-0 Qb6 7. a3 a5 8. Bd4 Qc7 9. c4 e5 10. Bc3 axb4 11. axb4 Rxa1 12. Bxa1 dxc4 13. Qa4 e4 14. Nd4 Bxe2 15. Nxe2 Bd6 16. Qa8+ Nb8 17. Bxf6 gxf6 18. Ng3 0-0 19. Nxe4 Na6 20. Nxf6+ Kg7 21. Ne8+ Rxe8 22. Qxe8 Nxb4 23. f4 Nd5 24. Rf3 Nxf4 25. exf4 Qb6+ 26. Qe3 Bc5 27. Qxc5 Qxc5+ 28. Re3 Qd4 29. g3 b5 30. Kf1 b4 31. Kf2 Qb2 32. Re1 0-1